Gloryhammer Main Characters - Statistics

General Stats
  • This quiz has been taken 66 times
  • The average score is 6 of 7
Answer Stats
Hint Answer % Correct
Crown prince of Dundee Angus McFife
100%
Decendant of latter Angus McFife XIII
100%
Evil wizard Zargothrax
91%
King of California The Hootsman
89%
Hermit Ralathor
80%
Grand Master of the Knights of Crail Proletius
67%
Princess of Dundee Iona McDougall
44%
No matching quizzes found
Score Distribution
Percent of People with Each Score
Percentile by Number Answered
Your Score History
You have not taken this quiz